Numeri Romani - Statistics

Statistiche generali
  • Questo quiz è stato fatto 149 volte
  • Il punteggio medio è 16 su 20
Statistiche sulle risposte
Numero romano Numero arabo % Corretto
XIX 19
100%
XI 11
98%
VIII 8
98%
XXXII 32
97%
CXXI 121
96%
IV 4
93%
XLV 45
88%
XCV 95
80%
MMXXIII 2023
77%
DLV 555
76%
CCCXV 315
71%
LXXIX 79
71%
CCXXXVIII 238
68%
DCXII 612
68%
LXVIII 68
68%
DCCLXXXIX 789
67%
CDLXI 461
65%
MDCLXXXVII 1687
63%
CMXLVIII 948
63%
MCDXCIX 1499
58%
Nessun quiz corrispondente trovato
Distribuzione punteggi
Percentuale di utenti per punteggio
Percentile per numero di risposta
I tuoi punteggi nel tempo
Non hai fatto questo quiz